| 000 | 01183cam a2200361 a 4500 | ||
|---|---|---|---|
| 001 | 6847 | ||
| 003 | FISKH | ||
| 005 | 20260304093812.0 | ||
| 008 | 060502s2007 nyua b 000 1 eng | ||
| 010 | _a 2006012112 | ||
| 020 | _a082342037X | ||
| 020 | _a9780823420377 | ||
| 020 | _a9780545061612 | ||
| 040 |
_aDLC _cDLC _dDLC _beng |
||
| 050 | _aPZ7.P278338 F | ||
| 082 | _a813.6 | ||
| 100 | 1 | _aPaul, Ann Whitford. | |
| 245 | 1 | 0 |
_aFiesta fiasco / _cby Ann Whitford Paul ; illustrated by Ethan Long. |
| 250 | _aFirst Scholastic printing, January 2008 | ||
| 260 |
_aNew York : _bScholastic, _c2007. |
||
| 300 |
_a32 unnumbered pages : _bcolor illustrations ; _c23 cm |
||
| 505 | _aJ | ||
| 520 | _aWhen shopping for Culebra's birthday, Conejo convinces his friends Iguana and Tortuga to buy all the wrong presents. Includes a glossary of Spanish words used. | ||
| 521 | 8 |
_a500
_bLexile AD |
|
| 521 | 8 |
_aJ
_bRaz-Plus |
|
| 650 | 1 |
_aRabbits _vFiction. |
|
| 650 | 1 |
_aDesert animals _vFiction. |
|
| 650 | 1 |
_aGifts _vFiction. |
|
| 700 | 1 |
_aLong, Ethan, _eillustrator |
|
| 906 |
_a7 _bcbc _corignew _d1 _eecip _f20 _gy-gencatlg |
||
| 942 |
_2ddc _cBK _n0 |
||
| 999 |
_c6847 _d6847 |
||